000 00826nam a22001577a 4500
003 OSt
005 20160310151609.0
008 160310b xxu||||| |||| 00| 0 eng d
040 _cRUA
082 _aVEM SEN 2014 B459 Or.1
100 _97926
_aSENG THONA; សេង ថុនា
245 _aStudy on cholera disease of local chicken and their antibodies by using ha and hi-test at tboung khhmoum district, tboung khhmoum province, ការសិក្សាលើជំងឺអាសន្នរោគបក្សីរបស់មាន់ស្រែ និងអង់ទីគ័រ របស់វាតាមរយៈ Ha and Hi-Test ស្រុកត្បូងឃ្មុំ ខេត្តត្បូងឃ្មុំ
260 _aPhnom Penh
_bRUA
_c2014
300 _ax ; 37p.
_bill.
_c29cm.
942 _2ddc
_cVEM
999 _c7520
_d7520